00471nam a22001571a 450000500170000000800410001702000090005804000260006708200210009324500680011426000780018230000110026060000250027160000140029685200030031020131219020002.0090818s1975 001 0 eng d c0.00 aNEGST Library - Kenya0 aBV 1534.J38 197500aCreative methods of teaching /cComp. by Elizabeth R. Javalera. aQuezon City :bPhilippine Association of Christian Education Inc.,c1975. a165 p.10aChristian education.10aTeaching.